Pop Singers - Statistics

General Stats
  • This quiz has been taken 505 times
  • The average score is 12 of 15
Answer Stats
Hint Answer % Correct
Roar, Hates Taylor. Katy Perry
95%
Bad Blood, Hates Katy. Taylor Swift
94%
British, Hello. Adele
92%
Canadian, Sorry. Justin Bieber
90%
Australian, Chandelier. Sia
90%
Hannah Montana. Miley Cyrus
87%
Diamonds, Barbados. Rihanna
86%
Hawaiian, 24K Magic. Bruno Mars
84%
British, Ginger. Ed Sheeran
79%
Anaconda, Raps. Nicki Minaj
76%
Florida, Cat Valentine. Ariana Grandé
72%
Beat It, 2009. Michael Jackson
66%
Texan, Waverly Place. Selena Gomez
62%
Apparently in the Illuminati, Texas. Beyoncé
51%
AHS, Crazy Hair-Styles. Lady Gaga
45%
No matching quizzes found
Score Distribution
Percent of People with Each Score
Percentile by Number Answered
Your Score History
You have not taken this quiz